01126nam a2200301Ia 450000500170000000800410001702000340005802000300009204100080012210000300013024501200016025000360028030000250031649000470034153400860038865000370047465000410051165100450055270000370059794200150063426400260064933600270067533700330070233800280073504000350076308400110079899900150080920220317001831.0170410s2015 s g 000 f s  a9788420600000 (Obra completa) a9788420652733 (volumen 2) aspa1 aProust, Marceld1871-192210aEn busca del tiempo perdido, 2ba la sombra de las muchachas en florcMarcel Proust ; traducción de Pedro Salinas a3a. edición, 3a reimpresión a688 páginasc18 cm aEl libro de bolsillo : biblioteca de autor tÁ la reherche du temps perdu. 2. {hardsign} l'ombre des jeunes filles en fleurs142LEMBaNovela francesaySiglo XIX142LEMBaLiteratura francesaySiglo XIX 4aFranciavVida social y costumbres9776601 aSalinas, Pedrod1891-1951916983 2loccBKLIT aMadridbAlianzac2015 atextobtxt2rdacontent asin mediaciónbn2rdamedia avolumenbnc2rdacarrier aCO-BoRNBPbspaerdacCO-BoRNBP aN PRO1 c8246d8246